| 000 | 00582nam a2200205Ia 4500 | ||
|---|---|---|---|
| 003 | OSt | ||
| 005 | 20230418111313.0 | ||
| 008 | 210423s2002 xx 000 0 und d | ||
| 020 | _a72316845 | ||
| 040 | _cAL | ||
| 041 | _aeng | ||
| 082 |
_a302 PINA _223 |
||
| 100 |
_aPINES (Ayala Malach);MASLACH (Christina). _989822 |
||
| 245 | _aExperiencing social psychology: readings and projects. | ||
| 260 |
_aBoston _bTata McGraw-hill _c2002 |
||
| 300 |
_axv,386 _bPB |
||
| 365 |
_b695 _cINR |
||
| 906 | _aExperiencing ; projects. ; psychology: ; readings ; social | ||
| 942 |
_2ddc _cBK |
||
| 999 |
_c159491 _d159491 |
||